Una clasificación de los departamentos y ciudades de Colombia según sus niveles de desarrollo socioeconómico / (Registro nro. 5078)

Detalles MARC
000 -LEADER
fixed length control field 01527nam a2200277Ia 4500
003 - CONTROL NUMBER IDENTIFIER
control field OSt
005 - DATE AND TIME OF LATEST TRANSACTION
control field 20200515142607.0
008 - FIXED-LENGTH DATA ELEMENTS--GENERAL INFORMATION
fixed length control field 191128s1972 ck gr 000 0 spa d
040 ## - CATALOGING SOURCE
Original cataloging agency CO-JMCR
Transcribing agency CO-JMCR
041 0# - LANGUAGE CODE
Language code of text/sound track or separate title spa
082 04 - DEWEY DECIMAL CLASSIFICATION NUMBER
Classification number 309.1861 /
Item number R535u
Edition number 23
100 1# - MAIN ENTRY--PERSONAL NAME
Personal name Richter, Charles,
Relator term autor
9 (RLIN) 4391
245 14 - TITLE STATEMENT
Title Una clasificación de los departamentos y ciudades de Colombia según sus niveles de desarrollo socioeconómico /
Statement of responsibility, etc. Charles Richter, Alejandro Leon R., Julio Roberto Sierra A., Nancy Tirado C.
260 ## - PUBLICATION, DISTRIBUTION, ETC.
Place of publication, distribution, etc. Bogotá :
Name of publisher, distributor, etc. Universidad de los Andes. Centro de Estudios sobre desarrollo económico,
Date of publication, distribution, etc. 1979
300 ## - PHYSICAL DESCRIPTION
Extent 48 páginas ;
Dimensions 28 cm.
490 0# - SERIES STATEMENT
Series statement Documento CEDE ;
Volume/sequential designation 56
505 ## - FORMATTED CONTENTS NOTE
Formatted contents note El índice para departamentos basado en datos censales, 1951, 1964, 1973 -- El índice para departamentos basado en datos recopilados por el departamento nacional de planeación, 1970 y 1974
520 ## - SUMMARY, ETC.
Summary, etc. El Centro de estudios sobre desarrollo económico CEDE es una parte integral de la Facultad de Economíaa de la Universidad de Los Andes, a través de la cual se realizan investigaciones cintíficas, complemento y fundamento de la actividad docente.
650 14 - SUBJECT ADDED ENTRY--TOPICAL TERM
Topical term or geographic name entry element Indicadores de desarrollo
General subdivision Indicadores sociales
9 (RLIN) 4392
650 24 - SUBJECT ADDED ENTRY--TOPICAL TERM
Topical term or geographic name entry element Planificación regional
General subdivision Desarrollo económico
9 (RLIN) 4393
650 24 - SUBJECT ADDED ENTRY--TOPICAL TERM
Topical term or geographic name entry element social Regionalización
9 (RLIN) 4394
700 1# - ADDED ENTRY--PERSONAL NAME
Personal name Leon R., Alejandro,
Relator term autor
9 (RLIN) 4395
700 1# - ADDED ENTRY--PERSONAL NAME
Personal name Sierra A., Julio Roberto,
Relator term autor
9 (RLIN) 4396
700 1# - ADDED ENTRY--PERSONAL NAME
Personal name Tirado C., Nancy,
Relator term autor
9 (RLIN) 4397
942 ## - ADDED ENTRY ELEMENTS (KOHA)
Source of classification or shelving scheme Dewey Decimal Classification
Koha item type Books
Existencias
Withdrawn status Lost status Source of classification or shelving scheme Materials specified (bound volume or other part) Damaged status Not for loan Home library Current library Shelving location Date acquired Source of acquisition Cost, normal purchase price Total Checkouts Full call number Barcode Date last seen Copy number Price effective from Koha item type
    Dewey Decimal Classification Donación--15/04/2018--     Biblioteca Pública José María del Castillo y Rada Biblioteca Pública José María del Castillo y Rada General Stacks 11/28/2019 Donación 0.00   309.1861 / R535u 430001261 05/16/2024 Ej.1 11/28/2019 Books